LEADER 00992nam0-22003371i-450- 001 990006902390403321 005 20001010 010 $a88-464-1649-X 035 $a000690239 035 $aFED01000690239 035 $a(Aleph)000690239FED01 035 $a000690239 100 $a20001010d--------km-y0itay50------ba 101 0 $aita 105 $ay-------001yy 200 1 $aGESTIONE informatica dei dati aziendali$fa cura di Luciano Marchi, Daniela Mancini. 210 $aMilano$cFranco Angeli$d1999. 215 $a251 p.$d23 cm + 2 floppy disk all. 225 1 $aEconomia$iSez. 1$v25 610 0 $aAziende - Sistemi informatici - Automazione 676 $a658.40380285 702 1$aMancini,$bDaniela 702 1$aMarchi,$bLuciano 801 0$aIT$bUNINA$gRICA$2UNIMARC 901 $aBK 912 $a990006902390403321 952 $aCOLLEZ. 643 (25)$b35390$fFSPBC 959 $aFSPBC 996 $aGestione informatica dei dati aziendali$958432 997 $aUNINA DB $aGEN01 LEADER 01471nam--2200421---450- 001 990003543620203316 005 20110624105751.0 010 $a978-0-521-62209-7 035 $a000354362 035 $aUSA01000354362 035 $a(ALEPH)000354362USA01 035 $a000354362 100 $a20110624d2006----km-y0itay50------ba 101 $aeng 102 $aUS 105 $a||||||||001yy 200 1 $aEmergent Economies, Divergent Paths$eeconomic organization and international trade in South Korea and Taiwan$fRobert C. Feenstra, Gary G. Hamilton 210 $aCambridge$cCambridge University Press$d2006 215 $aXII, 462 p.$d24 cm 225 2 $aStructural analysis in the social sciences$v49 410 0$12001$aStructural analysis in the social sciences$v, 49 454 1$12001 461 1$1001-------$12001 607 0 $aCorea del Sud$xSviluppo economico$2BNCF 607 0 $aTaiwan $xSviluppo economico$2BNCF 676 $a330.951249 700 1$aFEENSTRA,$bRobert C.$0126602 701 1$aHAMILTON,$bGary G.$0117028 801 0$aIT$bsalbc$gISBD 912 $a990003543620203316 951 $a330.951 FEE 1$b71837 G.$c330.951 FEE$d00297390 959 $aBK 969 $aECO 979 $aFIORELLA$b90$c20110624$lUSA01$h1044 979 $aFIORELLA$b90$c20110624$lUSA01$h1044 979 $aFIORELLA$b90$c20110624$lUSA01$h1057 996 $aEmergent Economies, Divergent Paths$91116680 997 $aUNISA